000 00501nam a2200169Ia 4500
008 151021s9999 xx 000 0 und d
020 _a013013743x
050 _aHF 5718 .B66 1999
245 _a_Business communication today (6th ed) Courtland L. Bovee
260 _aNew Jersey Prentice Hall 1999
300 _axxv,685p.ill
500 _aInclude index
500 _aInclude index
650 _a_Business communication
700 _a_Thill John V.
980 _a^d20120815 12:16:04^okorir
999 _c12422
_d12422